000 00586nam a2200217Ia 4500
003 OSt
005 20220928140702.0
006 a|||||r|||| 00| 0
007 ta
008 220927b |||||||| |||| 00| 0 eng d
024 _a11029
037 _cTextual
040 _aSDCL
_cSDCL
_beng
041 _2eng
_aeng
082 _aO-,3M57:g(W)x, K3
100 _aHay Eloise Knapp
_9492352
245 0 _aPolitical novels of Joseph Conrad
_b A critical study.
260 _c1963
942 _hO-,3M57:g(W)x, K3
_cTEXL
_2CC
999 _c813474
_d813474